000 01319 a2200253 4500
005 2008091907587.0
008 080919t xxu||||| |||| 00| 0 hin d
010 _aHIN-81156
020 _a8177096206
_c32.00
035 _aHN-53502
037 _bD.B.Act / pub
082 _a515.63
100 _aझा, बी.एन.
245 _aइंटर सदिश विश्लेषण
_cबी.एन.झा,असित दासगुप्ता तथा सूर्यभूषण प्रसाद
246 _aInter sadish Visheshan
_bby b.L.Chha
250 _a10वां संस्क
260 _aपटना
_bभारती भवन (पब्लिशर्स एण्ड डिस्ट्रीब्यूटर्स)
_c2006
270 _aठाकुरबाड़ी रोड, कदमकुआँ
_bपटना
_e800003
300 _a157पृ
_c22सेमी (अजिल्द)
700 _aदासगुप्ता, असित
700 _aसूर्यभूषण प्रसाद
942 _adpl
_cHN
_k515.63 / झाबीए
_2ddc
_h515.63
_mझाबीए
999 _c7926
_d7926